| 000 | 00768cab a2200229 4500 | ||
|---|---|---|---|
| 001 | X83799 | ||
| 008 | 090401t1997 xxu||||| |||| 00| 0 eng d | ||
| 035 | _a(Sirsi) u78182 | ||
| 041 | _aeng | ||
| 245 | _aMcDougalls v BSE Trading | ||
| 260 | _c1997 | ||
| 350 | _a0 | ||
| 490 |
_aNew Property Cases _v[1997] NPC 67 (2) |
||
| 520 | _aCA 2 May 1997. A landlord who evicts gypsies who have entered premises vacated by a tenant, in order to secure the property is not held to have effected a surrender of the lease. Headnote from journal. NOT TO BE PHOTOCOPIED. | ||
| 650 | _aEVICTION | ||
| 650 | _aGYPSIES | ||
| 650 | _aMCDOUGALLS V BSE TRADING | ||
| 650 | _aSURRENDER OF LEASE | ||
| 690 | _aLANDLORD AND TENANT-CASE LAW | ||
| 942 | _n0 | ||
| 948 | _c06/05/1997 | ||
| 999 |
_c49200 _d49200 |
||